Diputación de Barcelona : setenta años de catalogación y conservación de monumentos : Sala de exposiciones del Colegio Oficial de Arquitectos de La Rioja setenta años de catalogación y conservación de monumentos :
MARC
| LEADER | 00000nam a2200000Ia 4500 | ||
|---|---|---|---|
| 001 | 13191 | ||
| 008 | 160829s9999 xx 000 0 cat d | ||
| 020 | |a ---- | ||
| 080 | |a B-1-389 | ||
| 245 | |a Diputación de Barcelona : |b setenta años de catalogación y conservación de monumentos : |b Sala de exposiciones del Colegio Oficial de Arquitectos de La Rioja | ||
| 260 | |a Barcelona : |b Diputació de Barcelona. Servei de Catalogació i Conservació de Monuments, DL 1986 | ||
| 300 | |a 53 p. ; |c 21,5 cm | ||
| 590 | |a Traducció al castellà del catàleg de l'exposició 'Diputació de Barcelona : Setanta anys de catalogació i conservació de monuments', celebrada a l'Hivernacle del Parc de la Ciutadella de Barcelona | ||
| 650 | 0 | |a Monuments |x Conservació i restauració |x Barcelona (Catalunya : Província) |x Exposicions |9 20659 | |
| 710 | |a Barcelona (Catalunya : Província). |b Servei de Catalogació i Conservació de Monuments |9 54088 | ||
| 901 | |a Arxiu | ||
| 942 | |n 1 | ||
| 952 | |0 0 |1 0 |4 0 |6 B1389 |7 1 |9 47801 |a Arxiu |b Arxiu |d 2016-12-01 |l 0 |o B-1-389 |p 13191 |r 2016-12-01 00:00:00 |w 2016-12-01 |y ARXIU | ||
| 999 | |c 51600 |d 51600 | ||